000 00905nam a22002057a 4500
005 20080625100955.0
008 080625t xxu||||| |||| 00| 0 hin d
010 _aHIN-46117
020 _c125.00
035 _aHN-27382
037 _bDBAD
040 _adpl
_bHN
082 _a394.260954 / उपाध्या
100 _aउपाध्याय, एस.पी.
245 _aभारतीय पर्व और त्यौहार /
_cएस.पी.उपाध्याय
260 _aदिल्ली
_bसाहित्य प्रचारक
_c1999
300 _a133पृ
_c23सेमी.
942 _cHN
_2ddc
_h394.260954
_m उपाध्या
999 _c13987
_d13987